000
00332nam a22001457a 4500
008
221108b ||||| |||| 00| 0 eng d
020
_a
2740249738767
041
_a
eng
080
_2
FOURTH EDITION
_a
159.9
082
_a
159.9KLU
100
_a
25
101
_a
PSI
245
_a
ACSM's HEALTH RELATED
_c
KLUWER W
942
_2
udc
_c
BK
999
_c
58800
_d
58800